Missing Word: Top Grossing Movies (2002) Quiz Stats

 Plays Quiz Updated Jan 16, 2015

Challenge
Share
Tweet
Embed
Score 0/20 Timer 02:00
6 Plays Today
Movie Missing Word % Correct
The Lord of the _____: The Two TowersRings
99.3%
Catch Me If ___ CanYou
98%
___ in Black IIMen
96.8%
______-DooScooby
96.6%
My Big Fat _____ WeddingGreek
94.5%
____ & StitchLilo
92.3%
Harry Potter and the _______ of SecretsChamber
90.2%
___ AgeIce
88.1%
Die _______ DayAnother
87.9%
___ Weeks NoticeTwo
85.5%
Movie Missing Word % Correct
The Bourne ________Identity
85.5%
Minority ______Report
81.7%
Star Wars: Episode II - Attack of the ______Clones
79.3%
Panic ____Room
74.3%
______-ManSpider
72.3%
8 ____Mile
70.6%
The ___ of All FearsSum
67%
Austin Powers in __________Goldmember
60.3%
Spirited ____Away
55.7%
___ DragonRed
42.8%

Today's Daily Dose

You're not logged in!

Compare scores with friends on all Sporcle quizzes.
Join for Free
OR
Log In

You Might Also Like...

Show Comments

Extras

Top Quizzes Today


Score Distribution

Your Account Isn't Verified!

In order to create a playlist on Sporcle, you need to verify the email address you used during registration. Go to your Sporcle Settings to finish the process.

Report this User

Report this user for behavior that violates our Community Guidelines.

Details: